Catálogo
 En Linea

Ley de organización judicial (Registro nro. 52183)

Detalles MARC
000 -CABECERA
campo de control de longitud fija 01132nam a2200313 i 4500
001 - NÚMERO DE CONTROL
campo de control 000016051
003 - IDENTIFICADOR DEL NÚMERO DE CONTROL
campo de control DO-SdBNP
005 - FECHA Y HORA DE LA ÚLTIMA TRANSACCIÓN
campo de control 20250618135620.0
007 - CAMPO FIJO DE DESCRIPCIÓN FÍSICA--INFORMACIÓN GENERAL
campo de control de longitud fija ta
008 - DATOS DE LONGITUD FIJA--INFORMACIÓN GENERAL
campo de control de longitud fija 100224s1970 dr 001 0 spa d
040 ## - FUENTE DE LA CATALOGACIÓN
Centro catalogador/agencia de origen DO-SdBNP
Lengua de catalogación spa
Centro/agencia transcriptor BNPHU
Normas de descripción rda
082 #4 - NÚMERO DE LA CLASIFICACIÓN DECIMAL DEWEY
Número de clasificación 347.7293013
Número de documento/Ítem R426L, 1970
Número de edición 22
110 1# - ENTRADA PRINCIPAL--NOMBRE DE ENTIDAD CORPORATIVA
Nombre de entidad corporativa o nombre de jurisdicción como elemento de entrada República Dominicana.
Unidad subordinada Procuraduría General de la República
9 (RLIN) 32241
240 10 - TÍTULO UNIFORME
Título uniforme [Leyes, etc.]
245 10 - MENCIÓN DE TÍTULO
Título Ley de organización judicial
264 #1 - PRODUCCIÓN, PUBLICACIÓN, DISTRIBUCIÓN, FABRICACIÓN Y COPYRIGHT
Producción, publicación, distribución, fabricación y copyright Santo Domingo de Guzmán, D. N., República Dominicana :
Nombre del de productor, editor, distribuidor, fabricante Procuraduría General de la República,
Fecha de producción, publicación, distribución, fabricación o copyright 1970.
300 ## - DESCRIPCIÓN FÍSICA
Extensión 75 páginas ;
Dimensiones 21 cm.
336 ## - TIPO DE CONTENIDO
Término de tipo de contenido texto
Código de tipo de contenido txt
Fuente rdacontent
337 ## - TIPO DE MEDIO
Nombre/término del tipo de medio sin mediación
Código del tipo de medio nc
Fuente rdamedia
338 ## - TIPO DE SOPORTE
Nombre/término del tipo de soporte volumen
Código del tipo de soporte nc
Fuente rdacarrier
500 ## - NOTA GENERAL
Nota general A la cabeza de la cubierta : Procuraduría General de la República
590 ## - NOTA LOCAL (RLIN)
Nota local Inventariado, 2022/MFF
650 #4 - PUNTO DE ACCESO ADICIONAL DE MATERIA--TÉRMINO DE MATERIA
Término de materia o nombre geográfico como elemento de entrada Legislacion judicial
9 (RLIN) 30795
650 #4 - PUNTO DE ACCESO ADICIONAL DE MATERIA--TÉRMINO DE MATERIA
Término de materia o nombre geográfico como elemento de entrada Poder judicial
Subdivisión general Legislación
9 (RLIN) 30796
651 #4 - PUNTO DE ACCESO ADICIONAL DE MATERIA--NOMBRE GEOGRÁFICO
Nombre geográfico República Dominicana
Subdivisión general Leyes
9 (RLIN) 16541
651 #4 - PUNTO DE ACCESO ADICIONAL DE MATERIA--NOMBRE GEOGRÁFICO
Nombre geográfico República Dominicana
Subdivisión general Ley 821-27
9 (RLIN) 30797
910 ## - DATOS DE OPCIÓN DEL USUARIO (OCLC)
Datos de opción del usuario Validado. Control de calidad/ MAA
942 ## - ELEMENTOS DE PUNTO DE ACCESO ADICIONAL (KOHA)
Fuente del sistema de clasificación o colocación Dewey Decimal Classification
Tipo de ítem Koha Libro
Existencias
Estado de retiro Estado de pérdida Fuente del sistema de clasificación o colocación Restricciones de uso No para préstamo Código de colección Localización permanente Ubicación/localización actual Ubicación en estantería Fecha de adquisición Fuente de adquisición Signatura topográfica completa Código de barras Fecha visto por última vez Precio válido a partir de Tipo de ítem Koha Nota pública Número de copia
    Dewey Decimal Classification Excluido de préstamo   Patrimonio Dominicano Biblioteca Nacional Pedro Henríquez Ureña Biblioteca Nacional Pedro Henríquez Ureña Depósito 18.07.2022 Donación BNPHU PD 347.7293013 R426L 1970 2022-3470 18.07.2022 18.07.2022 Libro Perteneció a la biblioteca personal de Familia Reyes Duluc.  
    Dewey Decimal Classification Excluido de préstamo   Patrimonio Dominicano Biblioteca Nacional Pedro Henríquez Ureña Biblioteca Nacional Pedro Henríquez Ureña Depósito 18.07.2022 Donación BNPHU PD 347.013 R426L 1970 2022-3471 18.07.2022 18.07.2022 Libro Perteneció a la biblioteca personal de la familia Reyes Duluc. e.2

Con tecnología Koha